Alternatívne metódy hodnotenia finančnej situáacie podniku bakalárska práca

Salvato in:
Dettagli Bibliografici
Autore principale: Kvokačková, Viktória
Ente Autore: Podnikovohospodárska fakulta EU so sídlom v Košiciach. Katedra hospodárskej informatiky a matematiky
Altri autori: Nižníková, Zuzana, 1986-
Natura: Libro
Lingua:slovacco
Pubblicazione: Košice 2013
Tags: Aggiungi Tag
Nessun Tag, puoi essere il primo ad aggiungerne!!

MARC

LEADER 00000nbm a2200000 4500
001 0172303
005 20170315090440.0
041 0 |a slo 
044 |a SK 
245 1 0 |a Alternatívne metódy hodnotenia finančnej situáacie podniku  |b bakalárska práca  |c Viktória Kvokačková ; školiteľ: Zuzana Nižníková 
264 1 |a Košice  |c 2013 
300 |a 56 s. 
100 1 |a Kvokačková, Viktória 
700 1 |a Nižníková, Zuzana, 1986- 
710 2 |a Podnikovohospodárska fakulta EU so sídlom v Košiciach. Katedra hospodárskej informatiky a matematiky